000 00647nam a22001935i 4500
001 161573
003 ES-MaACL
005 20230906212321.0
008 041021s1876 gw |||| | eng d
040 _aCAM
_bspa
_cCAM
100 1 _aPayn, James.
_9130917
245 1 0 _aFallen fortunes
_b: a novel /
_cby James Payn.
260 _aLeipzig :
_bBerhnard Tauchnitz,
_c1876.
300 _a2 v. (320; 310 p.) ;
_c16 cm.
490 1 _aCollection of british authors ;
_v1625; 1626
830 0 _aCollection of british authors ;
_v1625; 1626
_9180703
852 _aES-MaACL
_jG-11991
_z-- Enc. hol. conservando la cub. original
999 _c161573
_d161573